[Event "Saint Affrique op 22nd"]
[Site "Saint Affrique"]
[Date "2014.07.21"]
[Round "4"]
[White "Sempe, Pierre"]
[Black "Husson, Cybele"]
[Result "1/2-1/2"]
[WhiteElo "1659"]
[BlackElo "1919"]
[PlyCount "100"]
[EventDate "2014.07.19"]
[EventType "swiss"]
[EventRounds "9"]
[EventCountry "FRA"]
[SourceTitle "CBM 161 Extra"]
[Source "ChessBase"]
[SourceDate "2014.08.29"]
[SourceVersion "1"]
[SourceVersionDate "2014.08.29"]
[SourceQuality "1"]

1. e4 Nf6 2. e5 Nd5 3. d4 d6 4. f4 Bf5 5. Nf3 e6 6. Bd3 Bxd3 7. Qxd3 Nc6 8. c3 Qd7 9. 0-0 h5 10. a3 Nce7 11. Be3 Nf5 12. Bd2 Be7 13. Qe2 Rd8 14. c4 Nb6 15. Bc3 Na4 16. Nbd2 Nxc3 17. bxc3 d5 18. Ng5 c5 19. cxd5 Qxd5 20. Qb5+ Qd7 21. Qxd7+ Rxd7 22. Ndf3 cxd4 23. cxd4 Nxd4 24. Nxd4 Rxd4 25. Rac1 Bd8 26. Rcd1 Bb6 27. Kh1 Ke7 28. Rxd4 Bxd4 29. Rc1 Bb6 30. Ne4 Rd8 31. Nd6 Be3 32. Rc4 f6 33. g3 Bb6 34. Kg2 Rd7 35. Nc8+ Kd8 36. Nxb6 axb6 37. exf6 gxf6 38. a4 Rd5 39. Kh3 Kd7 40. Kh4 Kd6 41. Rb4 Kc5 42. Rb5+ Kc6 43. h3 e5 44. fxe5 fxe5 45. Kxh5 e4+ 46. Kg4 Rxb5 47. axb5+ Kd5 48. h4 Kd4 49. h5 e3 50. h6 e2 1/2-1/2

[Event "La Fere op 11th"]
[Site "La Fere"]
[Date "2012.07.09"]
[Round "4"]
[White "Husson, Cybele"]
[Black "Dagnicourt, Francis"]
[Result "1-0"]
[WhiteElo "1937"]
[BlackElo "1668"]
[PlyCount "53"]
[EventDate "2012.07.07"]
[EventType "swiss"]
[EventRounds "9"]
[EventCountry "FRA"]
[SourceTitle "CBM 149 Extra"]
[Source "ChessBase"]
[SourceDate "2012.08.24"]
[SourceVersion "1"]
[SourceVersionDate "2012.08.24"]
[SourceQuality "1"]

1. e4 c5 2. Nc3 d6 3. Bb5+ Bd7 4. Bxd7+ Qxd7 5. f4 Nc6 6. Nf3 g6 7. 0-0 Bg7 8. d3 e6 9. Bd2 Nge7 10. Rb1 0-0 11. a3 Nd4 12. Ne2 Nec6 13. c3 Nxe2+ 14. Qxe2 d5 15. g4 Rad8 16. e5 Ne7 17. Be1 d4 18. c4 Rc8 19. Bh4 a6 20. Nd2 b5 21. b3 Nc6 22. Ne4 Nxe5 23. fxe5 Bxe5 24. Nf6+ Bxf6 25. Bxf6 Rc6 26. Qd2 e5 27. h3 1-0

[Event "Saint Affrique op 18th"]
[Site "Saint Affrique"]
[Date "2010.07.25"]
[Round "2"]
[White "Husson, Cybele"]
[Black "Lejarre, Ludovic"]
[Result "0-1"]
[WhiteElo "2040"]
[BlackElo "2385"]
[PlyCount "56"]
[EventDate "2010.07.24"]
[EventType "swiss"]
[EventRounds "9"]
[EventCountry "FRA"]
[SourceTitle "CBM 137 Extra"]
[Source "ChessBase"]
[SourceDate "2010.09.01"]
[SourceVersion "1"]
[SourceVersionDate "2010.09.01"]
[SourceQuality "1"]

1. e4 e5 2. Nf3 Nc6 3. Bc4 Nf6 4. d3 d5 5. exd5 Nxd5 6. Ng5 f6 7. Ne4 Be6 8. 0-0 Be7 9. Bd2 Qd7 10. a4 0-0 11. Nbc3 Rad8 12. a5 Nxc3 13. Bxe6+ Qxe6 14. bxc3 f5 15. Ng3 e4 16. Bf4 g5 17. Bc1 Ne5 18. Qh5 exd3 19. cxd3 f4 20. Ne4 Rf5 21. d4 g4 22. d5 Qxd5 23. Qxf5 Nf3+ 24. gxf3 Qxf5 25. Nd2 gxf3 26. Kh1 Kf7 27. Ra4 Bd6 28. Re1 Qh3 0-1

[Event "La Fere op"]
[Site "La Fere"]
[Date "2010.07.08"]
[Round "7"]
[White "Bedu, Jean Pierre"]
[Black "Husson, Cybele"]
[Result "0-1"]
[WhiteElo "1640"]
[BlackElo "2026"]
[PlyCount "86"]
[EventDate "2010.07.03"]
[EventType "swiss"]
[EventRounds "9"]
[EventCountry "FRA"]
[SourceTitle "CBM 137 Extra"]
[Source "ChessBase"]
[SourceDate "2010.09.01"]
[SourceVersion "1"]
[SourceVersionDate "2010.09.01"]
[SourceQuality "1"]

1. d4 f5 2. c4 g6 3. Nc3 Bg7 4. e3 d6 5. f4 e5 6. dxe5 dxe5 7. Qxd8+ Kxd8 8. fxe5 Bxe5 9. Bd2 c6 10. Nf3 Bf6 11. 0-0-0 Kc7 12. e4 b6 13. Bf4+ Kb7 14. e5 Be7 15. Ng5 Bxg5 16. Bxg5 h6 17. Bd8 Na6 18. g3 Rh7 19. Bg2 Bd7 20. Bf6 Re8 21. Rhe1 Kc7 22. e6 Nxf6 23. exd7 Rxd7 24. Rxd7+ Kxd7 25. Rd1+ Kc7 26. b3 Nc5 27. Rd2 Ng4 28. Bf3 Re3 29. Bxg4 Rxc3+ 30. Kb2 Re3 31. Bd1 g5 32. Bc2 f4 33. gxf4 gxf4 34. Rf2 f3 35. Kc1 Re1+ 36. Kd2 Rh1 37. Ke3 a5 38. Kxf3 Ra1 39. Bg6 a4 40. b4 Na6 41. b5 Nb4 42. bxc6 Rxa2 43. Rxa2 Nxa2 0-1

[Event "La Fere op"]
[Site "La Fere"]
[Date "2010.07.04"]
[Round "2"]
[White "Husson, Cybele"]
[Black "Daniel, Antoine"]
[Result "1-0"]
[WhiteElo "2026"]
[BlackElo "1863"]
[PlyCount "103"]
[EventDate "2010.07.03"]
[EventType "swiss"]
[EventRounds "9"]
[EventCountry "FRA"]
[SourceTitle "CBM 137 Extra"]
[Source "ChessBase"]
[SourceDate "2010.09.01"]
[SourceVersion "1"]
[SourceVersionDate "2010.09.01"]
[SourceQuality "1"]

1. e4 Nf6 2. Nc3 d5 3. exd5 Nxd5 4. Bc4 c6 5. Qf3 Be6 6. Nge2 Qd7 7. h3 Nb4 8. Bxe6 Qxe6 9. Kd1 g6 10. Nf4 Qf5 11. d3 h5 12. Re1 Nd7 13. Qe4 Qxe4 14. Nxe4 e6 15. Ng5 Nd5 16. a4 Be7 17. Ne4 0-0-0 18. c3 N7f6 19. Kc2 Nxe4 20. Rxe4 Bd6 21. a5 Nxf4 22. Bxf4 f5 23. Rc4 Bxf4 24. Rxf4 e5 25. Rc4 Kc7 26. f3 Rd5 27. b4 Rhd8 28. Rd1 g5 29. g4 hxg4 30. hxg4 f4 31. Re4 Re8 32. d4 Red8 33. Rxe5 Rxe5 34. dxe5 Rxd1 35. Kxd1 Kd7 36. Kd2 Ke6 37. Kd3 Kxe5 38. Kc4 b6 39. a6 Kd6 40. Kd4 Ke6 41. Ke4 Kf6 42. b5 cxb5 43. Kd5 Kf7 44. Ke5 Ke7 45. Kf5 Kd6 46. Kxg5 Kd5 47. Kxf4 Kc4 48. g5 Kxc3 49. g6 b4 50. g7 b3 51. g8Q b2 52. Qa2 1-0

[Event "La Fere op 8th"]
[Site "La Fere"]
[Date "2009.07.09"]
[Round "7"]
[White "Paillard, Maximilien"]
[Black "Husson, Cybele"]
[Result "0-1"]
[WhiteElo "1462"]
[BlackElo "2037"]
[PlyCount "94"]
[EventDate "2009.07.04"]
[EventType "swiss"]
[EventRounds "9"]
[EventCountry "FRA"]
[SourceTitle "CBM 131 Extra"]
[Source "ChessBase"]
[SourceDate "2009.09.03"]
[SourceVersion "2"]
[SourceVersionDate "2009.09.16"]
[SourceQuality "1"]

1. e4 Nf6 2. e5 Nd5 3. d4 d6 4. c4 Nb6 5. Nf3 Bg4 6. exd6 exd6 7. Nc3 Nc6 8. Be3 Be7 9. h3 Bh5 10. Be2 Bg6 11. 0-0 0-0 12. a4 a5 13. d5 Nb4 14. Nd4 Nd7 15. Na2 Nxa2 16. Rxa2 Nc5 17. Nb3 Ne4 18. Nd2 Re8 19. Nxe4 Bxe4 20. Qb3 b6 21. Qb5 Bg5 22. Ra3 Bc2 23. Rc3 Bf5 24. Bxg5 Qxg5 25. Rg3 Qd2 26. Bf3 Re7 27. Qb3 Bc2 28. Qa2 Re1 29. Rxe1 Qxe1+ 30. Kh2 Qb4 31. Qa3 Qxa3 32. bxa3 Re8 33. Bg4 Bxa4 34. Re3 Re5 35. Rxe5 dxe5 36. Kg3 Kf8 37. Kf3 Bd1+ 38. Ke4 Bxg4 39. hxg4 f6 40. Kf5 Ke7 41. g5 g6+ 42. Kg4 f5+ 43. Kf3 Kd6 44. Ke3 a4 45. Kd3 Kc5 46. g3 b5 47. cxb5 Kxd5 0-1

[Event "La Fere op 8th"]
[Site "La Fere"]
[Date "2009.07.07"]
[Round "5"]
[White "Siauve, Julien"]
[Black "Husson, Cybele"]
[Result "1/2-1/2"]
[WhiteElo "1678"]
[BlackElo "2037"]
[PlyCount "108"]
[EventDate "2009.07.04"]
[EventType "swiss"]
[EventRounds "9"]
[EventCountry "FRA"]
[SourceTitle "CBM 131 Extra"]
[Source "ChessBase"]
[SourceDate "2009.09.03"]
[SourceVersion "2"]
[SourceVersionDate "2009.09.16"]
[SourceQuality "1"]

1. e4 Nf6 2. Nc3 d5 3. e5 d4 4. exf6 dxc3 5. fxg7 cxd2+ 6. Qxd2 Qxd2+ 7. Bxd2 Bxg7 8. 0-0-0 Nc6 9. Ne2 Bf5 10. Ng3 Bd7 11. Bc4 h5 12. Rhe1 e6 13. f3 0-0-0 14. Ne4 Ne5 15. Bb3 Bb5 16. Bc3 Rxd1+ 17. Rxd1 Rg8 18. Ng5 Bh6 19. Bxe5 Bxg5+ 20. f4 Be7 21. g3 h4 22. f5 Bg5+ 23. Kb1 Bd7 24. fxe6 Bxe6 25. Bxe6+ fxe6 26. Rg1 Be3 27. Re1 Bf2 28. Re2 hxg3 29. Bxg3 Bxg3 30. hxg3 Rxg3 31. Kc1 Kd7 32. Kd1 Rg5 33. Kd2 Kd6 34. Kc3 a5 35. Kd4 Rd5+ 36. Kc4 b5+ 37. Kc3 e5 38. a3 Rd4 39. Kb3 Kd5 40. c3 Rf4 41. Rd2+ Kc5 42. Re2 e4 43. Re3 Kd5 44. Re2 Rf3 45. Kc2 e3 46. Kd3 Rf2 47. Kxe3 Rxe2+ 48. Kxe2 Kc4 49. Kd2 Kb3 50. Kc1 c5 51. Kb1 b4 52. axb4 cxb4 53. cxb4 axb4 54. Kc1 Ka2 1/2-1/2

[Event "La Fere op 8th"]
[Site "La Fere"]
[Date "2009.07.04"]
[Round "1"]
[White "Marzolo, Cyril"]
[Black "Husson, Cybele"]
[Result "1-0"]
[WhiteElo "2443"]
[BlackElo "2037"]
[PlyCount "69"]
[EventDate "2009.07.04"]
[EventType "swiss"]
[EventRounds "9"]
[EventCountry "FRA"]
[SourceTitle "CBM 131 Extra"]
[Source "ChessBase"]
[SourceDate "2009.09.03"]
[SourceVersion "2"]
[SourceVersionDate "2009.09.16"]
[SourceQuality "1"]

1. d4 g6 2. c4 Bg7 3. e4 d6 4. Nc3 Nd7 5. Nf3 e5 6. Be2 exd4 7. Nxd4 Nc5 8. Be3 Ne7 9. h4 h5 10. Qd2 Ne6 11. 0-0-0 Nc6 12. Nc2 a5 13. Nd5 a4 14. Kb1 Ne7 15. Nc3 Bd7 16. Nd4 Qb8 17. g4 a3 18. b3 hxg4 19. Bxg4 Nc6 20. Ndb5 Ne5 21. Be2 Bc6 22. f4 Nd7 23. h5 Qd8 24. hxg6 fxg6 25. Bg4 Ndc5 26. Qg2 Kf7 27. Nd5 Bxb5 28. cxb5 c6 29. Bxe6+ Kxe6 30. Rxh8 Bxh8 31. e5 Kf7 32. Bxc5 dxc5 33. bxc6 bxc6 34. Nf6 Qa5 35. Qg4 1-0

[Event "FRA-chT1B 0809"]
[Site "France"]
[Date "2008.12.14"]
[Round "5.8"]
[White "Descroix, Claire"]
[Black "Husson, Cybele"]
[Result "0-1"]
[WhiteElo "1598"]
[BlackElo "2006"]
[PlyCount "36"]
[EventDate "2008.10.19"]
[EventType "team-tourn"]
[EventRounds "11"]
[EventCountry "FRA"]
[SourceTitle "EXT 2010"]
[Source "ChessBase"]
[SourceDate "2010.11.25"]
[SourceVersion "1"]
[SourceVersionDate "2010.11.25"]
[SourceQuality "1"]
[WhiteTeam "Vincennes"]
[BlackTeam "Cappelle la Grande"]
[WhiteTeamCountry "FRA"]
[BlackTeamCountry "FRA"]

1. e4 Nf6 2. e5 Nd5 3. d4 d6 4. Nf3 dxe5 5. Nxe5 c6 6. Bd3 Nd7 7. Nxd7 Bxd7 8. 0-0 g6 9. Nd2 Bg7 10. c3 0-0 11. Re1 Rc8 12. Nf3 c5 13. c4 Nb4 14. d5 Nxd3 15. Qxd3 Bf5 16. Qd1 e6 17. Rb1 Bxb1 18. b3 Bf5 0-1

[Event "FRA-chT1B 0809"]
[Site "France"]
[Date "2008.10.19"]
[Round "1.8"]
[White "Wilson, Alexandra"]
[Black "Husson, Cybele"]
[Result "1/2-1/2"]
[WhiteElo "2026"]
[BlackElo "2006"]
[PlyCount "51"]
[EventDate "2008.10.19"]
[EventType "team-tourn"]
[EventRounds "11"]
[EventCountry "FRA"]
[SourceTitle "EXT 2010"]
[Source "ChessBase"]
[SourceDate "2010.11.25"]
[SourceVersion "1"]
[SourceVersionDate "2010.11.25"]
[SourceQuality "1"]
[WhiteTeam "Rueil Malmaison"]
[BlackTeam "Cappelle la Grande"]
[WhiteTeamCountry "FRA"]
[BlackTeamCountry "FRA"]

1. e4 Nf6 2. e5 Nd5 3. d4 d6 4. Nf3 dxe5 5. Nxe5 c6 6. Bc4 Bf5 7. 0-0 e6 8. Re1 Nd7 9. Nxd7 Qxd7 10. c3 Be7 11. Nd2 0-0 12. Ne4 b5 13. Bb3 a5 14. Ng3 Bg6 15. Bc2 c5 16. Bxg6 hxg6 17. dxc5 Bxc5 18. Ne4 Be7 19. Qf3 Qc7 20. Be3 Nxe3 21. Qxe3 Rfd8 22. Rad1 Rxd1 23. Rxd1 Rd8 24. Rxd8+ Qxd8 25. Qd2 Kf8 26. Qxd8+ 1/2-1/2

[Event "FRA-chT1A 0708"]
[Site "France"]
[Date "2008.04.06"]
[Round "11"]
[White "Husson, Cybele"]
[Black "Legrand, Heloise"]
[Result "1-0"]
[WhiteElo "2038"]
[BlackElo "2022"]
[PlyCount "65"]
[EventDate "2007.10.21"]
[EventType "team"]
[EventRounds "11"]
[EventCountry "FRA"]
[SourceTitle "EXT 2009"]
[Source "ChessBase"]
[SourceDate "2008.11.26"]
[SourceVersion "1"]
[SourceVersionDate "2008.11.26"]
[SourceQuality "1"]
[WhiteTeam "Cappelle la Grande"]
[BlackTeam "Tours"]
[WhiteTeamCountry "FRA"]
[BlackTeamCountry "FRA"]

1. e4 c5 2. Nc3 e6 3. g3 g6 4. Bg2 Bg7 5. Nf3 Nc6 6. 0-0 Nge7 7. Re1 0-0 8. d3 a6 9. Be3 d6 10. Qd2 Re8 11. Bh6 Bh8 12. Qf4 Nd4 13. Nxd4 cxd4 14. Ne2 e5 15. Qd2 Be6 16. c3 dxc3 17. Nxc3 d5 18. exd5 Nxd5 19. Ne4 Bf5 20. Rac1 Qb6 21. Rc4 Rad8 22. Rec1 Bg7 23. Bxg7 Kxg7 24. h3 Ne7 25. g4 Be6 26. Rb4 Qa5 27. Rc5 Qxa2 28. Rxb7 Qb1+ 29. Kh2 Rxd3 30. Qg5 Ng8 31. Qxe5+ Kf8 32. Ng5 Red8 33. Nxe6+ 1-0

[Event "FRA-chT1A 0708"]
[Site "France"]
[Date "2008.02.10"]
[Round "7.8"]
[White "Husson, Cybele"]
[Black "Hourcade, Jean"]
[Result "0-1"]
[WhiteElo "2038"]
[BlackElo "1499"]
[PlyCount "134"]
[EventDate "2007.10.21"]
[EventType "team"]
[EventRounds "11"]
[EventCountry "FRA"]
[SourceTitle "EXT 2009"]
[Source "ChessBase"]
[SourceDate "2008.11.26"]
[SourceVersion "1"]
[SourceVersionDate "2008.11.26"]
[SourceQuality "1"]
[WhiteTeam "Cappelle la Grande"]
[BlackTeam "Chess XV"]
[WhiteTeamCountry "FRA"]
[BlackTeamCountry "FRA"]

1. e4 c6 2. d4 d5 3. Nd2 Nf6 4. e5 Ng8 5. Bd3 Nh6 6. Ndf3 Bf5 7. Ne2 Bxd3 8. Qxd3 e6 9. 0-0 Nf5 10. b3 Be7 11. h3 h5 12. Ng3 g6 13. c4 Ng7 14. cxd5 cxd5 15. Qb5+ Qd7 16. Qxd7+ Kxd7 17. Bg5 Ba3 18. Bf6 Rg8 19. Bxg7 Rxg7 20. Rfd1 Nc6 21. Kf1 Rc8 22. Rd2 Nb4 23. Ne1 Rgg8 24. Ne2 Rc6 25. Nd3 Nxd3 26. Rxd3 Rc2 27. Ke1 Rgc8 28. Kd1 Bb2 29. Rb1 Ba3 30. Rd2 R2c7 31. b4 Rc4 32. b5 b6 33. Rb3 Be7 34. Rbb2 Bb4 35. Rdc2 Ba5 36. Kc1 Be1 37. f3 Bf2 38. Rxc4 Rxc4+ 39. Rc2 Rb4 40. Rb2 Be3+ 41. Kc2 Rc4+ 42. Kd3 Bf2 43. Rb3 Ra4 44. Rb2 Ra3+ 45. Kd2 Be3+ 46. Kc2 Kc7 47. f4 h4 48. Rb3 Rxa2+ 49. Kd3 Bf2 50. Rc3+ Kd7 51. Rc2 Ra5 52. Nc1 Bg3 53. Ra2 Bxf4 54. Rxa5 bxa5 55. Nb3 Bg5 56. Nxa5 Kc7 57. Kc3 Kb6 58. Nc6 a6 59. Nb8 Kxb5 60. Nd7 Be7 61. Nb8 a5 62. Nd7 a4 63. Nb8 Kb6 64. Nd7+ Kc7 65. Nf6 Bxf6 66. exf6 Kd6 67. Kb4 e5 0-1

[Event "FRA-chT3 North 0304"]
[Site "France"]
[Date "2004.01.18"]
[Round "5.3"]
[White "Husson, Cybele"]
[Black "Catteau, Bruno"]
[Result "1-0"]
[WhiteElo "2061"]
[BlackElo "2155"]
[PlyCount "57"]
[EventDate "2003.11.??"]
[EventType "team"]
[EventRounds "9"]
[EventCountry "FRA"]
[SourceTitle "EXT 2006"]
[Source "ChessBase"]
[SourceDate "2005.11.24"]
[SourceVersion "1"]
[SourceVersionDate "2005.11.24"]
[SourceQuality "1"]
[WhiteTeam "Cappelle la Grande"]
[BlackTeam "Baisieux"]
[WhiteTeamCountry "FRA"]
[BlackTeamCountry "FRA"]

1. e4 c5 2. Nc3 Nc6 3. Nf3 e6 4. Bb5 Nge7 5. d3 a6 6. Bxc6 Nxc6 7. e5 d5 8. exd6 Bxd6 9. Ne4 Be7 10. Be3 0-0 11. Qd2 f5 12. Nc3 e5 13. Bg5 Nd4 14. h4 Nxf3+ 15. gxf3 h6 16. Bxe7 Qxe7 17. 0-0-0 Qd6 18. Rhg1 Kh7 19. Rg3 g6 20. Rdg1 Rg8 21. f4 exf4 22. Rf3 Be6 23. Rxf4 b5 24. d4 c4 25. d5 Bd7 26. Qd4 Rac8 27. Rf3 b4 28. Ne4 Qe7 29. Nf6+ 1-0